Arena Property Services Ltd v Europa 2000 Ltd (Record no. 118100)

MARC details
000 -LEADER
fixed length control field 01773cam a2200277 4500
001 - CONTROL NUMBER
control field ABS68181
008 - FIXED-LENGTH DATA ELEMENTS--GENERAL INFORMATION
fixed length control field 041001n2004 000 0 eng u
035 ## - SYSTEM CONTROL NUMBER
System control number (Sirsi) u127594
245 ## - TITLE STATEMENT
Title Arena Property Services Ltd v Europa 2000 Ltd
260 ## - PUBLICATION, DISTRIBUTION, ETC.
Date of publication, distribution, etc. 2004
520 ## - SUMMARY, ETC.
Summary, etc. [2003] EWCA Civ 1943, 24 November 2003. Appeal by defendant (E) from HC decision dismissing its counterclaim against the claimant (A) in proceedings concerning construction work. A (who occupied number 96) extended its property, removed a soil pipe which came from E's property (number 98) passing through the party wall between the two properties. E was not the freeholder at the time of the proposed construction and its predecessor did not consent to the proposed works to the party wall. A surveyor was appointed under the Party Wall Etc Act 1996. A commenced proceedings alleging nuisance whilst E counter-claimed claiming trespass seeking damages under s2(5) and (7) of the 1996 Act. E's counter-claim was dismissed on the grounds that E had failed to prove that an easement existed. CA upheld HC decisions. Appeal dismissed. View at www.bailii.org.
590 ## - LOCAL NOTE (RLIN)
Local note ABS
590 ## - LOCAL NOTE (RLIN)
Local note ABS
590 ## - LOCAL NOTE (RLIN)
Local note ABS
650 ## - SUBJECT ADDED ENTRY--TOPICAL TERM
Topical term or geographic name entry element ARENA PROPERTY SERVICES LTD V EUROPA
650 ## - SUBJECT ADDED ENTRY--TOPICAL TERM
Topical term or geographic name entry element PARTY WALL ACT 1996
650 ## - SUBJECT ADDED ENTRY--TOPICAL TERM
Topical term or geographic name entry element EASEMENTS
650 ## - SUBJECT ADDED ENTRY--TOPICAL TERM
Topical term or geographic name entry element SOIL PIPES
650 ## - SUBJECT ADDED ENTRY--TOPICAL TERM
Topical term or geographic name entry element Party walls
9 (RLIN) 6258
650 ## - SUBJECT ADDED ENTRY--TOPICAL TERM
Topical term or geographic name entry element COMPENSATION
690 ## - LOCAL SUBJECT ADDED ENTRY--TOPICAL TERM (OCLC, RLIN)
Topical term or geographic name as entry element BOUNDARIES, PARTY WALLS AND EASEMENTS-CASE LAW
856 ## - ELECTRONIC LOCATION AND ACCESS
Uniform Resource Identifier <a href="https://www.bailii.org/ew/cases/EWCA/Civ/2003/1943.html">https://www.bailii.org/ew/cases/EWCA/Civ/2003/1943.html</a>
Public note View on the BAILII website...
856 ## - ELECTRONIC LOCATION AND ACCESS
Uniform Resource Identifier <a href="https://www.bailii.org/ew/cases/EWCA/Civ/2003/1943.html">https://www.bailii.org/ew/cases/EWCA/Civ/2003/1943.html</a>
Public note View on the BAILII website...
856 ## - ELECTRONIC LOCATION AND ACCESS
Uniform Resource Identifier <a href="https://www.bailii.org/ew/cases/EWCA/Civ/2003/1943.html">https://www.bailii.org/ew/cases/EWCA/Civ/2003/1943.html</a>
Public note View on the BAILII website...
942 ## - ADDED ENTRY ELEMENTS (KOHA)
Suppress in OPAC 0
Holdings
Withdrawn status Lost status Source of classification or shelving scheme Damaged status Not for loan Home library Current library Shelving location Date acquired Total Checkouts Full call number Barcode Date last seen Copy number Price effective from Koha item type
    Dewey Decimal Classification     London London Journal article 01/10/2004   ABS68181 127594-1001 06/08/2019 1 06/08/2019 Law report
    Dewey Decimal Classification     Virtual Virtual Online 01/10/2004   ONLINE 127594-2001 06/08/2019 1 06/08/2019 Law report